Ανεργία γυναικών : αίτια και προσδιοριστικοί παράγοντες : διπλωματική εργασία [μεταπτυχιακή εργασία]

Αποθηκεύτηκε σε:
Λεπτομέρειες βιβλιογραφικής εγγραφής
Κύριος συγγραφέας: Μάτσια, Αλκμήνη
Συγγραφή απο Οργανισμό/Αρχή: Πανεπιστήμιο Αιγαίου Σχολή Ανθρωπιστικών Επιστημών Τμήμα Επιστημών της Προσχολικής Αγωγής και του Εκπαιδευτικού Σχεδιασμού Πρόγραμμα Μεταπτυχιακών Σπουδών Φύλο και Νέα Εκπαιδευτικά και Εργασιακά Περιβάλλοντα στην Κοινωνία της Πληροφορίας
Άλλοι συγγραφείς: Φώκιαλη, Περσεφόνη (Εισηγητής διατριβής)
Μορφή: Thesis Βιβλίο
Γλώσσα:Greek
Δημοσίευση: 2010
Θέματα:
Διαθέσιμο Online:http://hdl.handle.net/11610/13856
Ετικέτες: Προσθήκη ετικέτας
Δεν υπάρχουν, Καταχωρήστε ετικέτα πρώτοι!

MARC

LEADER 00000cam a2200000 i 4500
001 1/14677
008 110824s2010 gre d
035 |l 10110673 
040 |a GR-MY-UA  |b gre  |e aacr 
041 0 |a gre 
082 0 |a 331.13  |2 (22) 
100 1 |a Μάτσια, Αλκμήνη. 
245 1 0 |a Ανεργία γυναικών :  |b αίτια και προσδιοριστικοί παράγοντες : διπλωματική εργασία [μεταπτυχιακή εργασία] /  |c Μάτσια Αλκμήνη ; επιβλέπουσα: Περσεφόνη Φώκιαλη 
260 |c 2010 
300 |a 119 σ.;  |b πιν.;  |c 30 εκ. 
500 |a Μέλη εξεταστικής επιτροπής: Βιτσιλάκη Χρυσή, Διονύσης Γουβιάς 
502 |a Διατριβή (μεταπτυχιακή) – Πανεπιστήμιο Αιγαίου, Ρόδος, 2010. 
504 |a Βιβλιογραφία: σ. 92-100 
650 0 0 |a Unemployment. 
650 0 0 |a Women  |x Employment. 
650 0 0 |a Women  |x Economic conditions. 
650 0 0 |a Dissertations, Academic  |z Greece. 
700 1 |a Φώκιαλη, Περσεφόνη.  |4 ths 
710 1 |a Πανεπιστήμιο Αιγαίου   |b Σχολή Ανθρωπιστικών Επιστημών   |b Τμήμα Επιστημών της Προσχολικής Αγωγής και του Εκπαιδευτικού Σχεδιασμού   |b Πρόγραμμα Μεταπτυχιακών Σπουδών Φύλο και Νέα Εκπαιδευτικά και Εργασιακά Περιβάλλοντα στην Κοινωνία της Πληροφορίας. 
852 |a INST  |b RHODES  |c DIATR  |e 20110824  |h 331.13 ΜΑΤ  |p 005400033168  |q 005400033168  |t MTXE  |y 23 
852 |a INST  |b RHODES  |c DIATR  |e 20110824  |h 331.13 ΜΑΤ  |p 005400033483  |q 005400033483  |t MTXE  |y 23 
856 |u http://hdl.handle.net/11610/13856 
901 |a BIBL4-2011-2 
909 |a Ρ  |b 163956 
909 |a Ρ  |b 163957 
924 |a ΜΑΤΣΙΑ  |b ΑΛΚΜΗΝΗ  |y ΡΟΔΟΣ  |z 2011-08 
970 |z 2010/05/